Housing and Space Management/ (Record no. 190630)

MARC details
000 -LEADER
fixed length control field 00573nam a22001817a 4500
005 - DATE AND TIME OF LATEST TRANSACTION
control field 20220801152642.0
010 ## - LCCN (DPL NO)
LC control number ENG-134111
020 ## - INTERNATIONAL STANDARD BOOK NUMBER
International Standard Book Number 9789384782054
Terms of availability 675.00
035 ## - SYSTEM CONTROL NUMBER
System control number EN-117643
037 ## - SOURCE OF ACQUISITION
Source of stock number/acquisition DBAD/PUB
082 ## - DEWEY DECIMAL CLASSIFICATION NUMBER
Classification number 728.37
100 ## - MAIN ENTRY--PERSONAL NAME
Personal name Parvez,Razia
245 ## - TITLE STATEMENT
Title Housing and Space Management/
Statement of responsibility, etc by Razia Parvez
260 ## - PUBLICATION, DISTRIBUTION, ETC. (IMPRINT)
Place of publication, distribution, etc Delhi
Name of publisher, distributor, etc Disha International Publishing House
Date of publication, distribution, etc 2016
270 ## - ADDRESS
Address F-7,Gali No.1Ist Floor,Panchsheel Garden Ext.Naveen Shahdara,
City Delhi
Postal code 110032
300 ## - PHYSICAL DESCRIPTION
Extent 183p.:
Dimensions 22cm(Hb)
Other physical details ill.
942 ## - ADDED ENTRY ELEMENTS (KOHA)
Source of classification or shelving scheme Dewey Decimal Classification
Item type English Books
Classification part 728.37
Call number suffix PAR
Holdings
Withdrawn status Lost status Not for loan Collection code Home library Current library Date acquired Source of acquisition Cost, normal purchase price Full call number Barcode Copy number Cost, replacement price Koha item type
      Non-fiction Bawana Bawana 01/08/2022 DBAD/PUB 675.00 728.37 PAR EN-117643 1 675.00 English Books

© Delhi Public Library
Hit Counter
free hit counter